Las tres Esperanza. Instituto de Fomento de las Artes .Innovación y creatiVidades / (Record no. 11758)

MARC details
000 -LEADER
campo de control de longitud fija 00418nam a2200133Ia 4500
005 - FECHA Y HORA DE LA ÚLTIMA TRANSACCIÓN
campo de control 20260328104332.0
008 - DATOS DE LONGITUD FIJA--INFORMACIÓN GENERAL
campo de control de longitud fija 260328s9999||||xx |||||||||||||| ||und||
100 ## - ENTRADA PRINCIPAL--NOMBRE DE PERSONA
Nombre de persona Ministerio de Cultura y Patrimonio
245 #0 - MENCIÓN DEL TÍTULO
Título Las tres Esperanza. Instituto de Fomento de las Artes .Innovación y creatiVidades /
Mención de responsabilidad, etc. Ministerio de Cultura y Patrimonio
260 ## - PUBLICACIÓN, DISTRIBUCIÓN, ETC.
Nombre del editor, distribuidor, etc. Duque Silva
300 ## - DESCRIPCIÓN FÍSICA
Extensión 213 p.
650 ## - PUNTO DE ACCESO ADICIONAL DE MATERIA--TÉRMINO DE MATERIA
Término de materia o nombre geográfico como elemento de entrada DIBUJO
942 ## - ELEMENTOS DE ENTRADA SECUNDARIOS (KOHA)
Tipo de ítem Koha Libros
Holdings
Estatus retirado Estado de pérdida Estado de daño No para préstamo Colección Biblioteca de origen Biblioteca actual Ubicación en estantería Fecha de adquisición Número de inventario Total de préstamos Signatura topográfica completa Código de barras Visto por última vez Copia número Precio de reemplazo Tipo de ítem Koha
        General Biblioteca Gonzalo Peláez Caldas Biblioteca Gonzalo Peláez Caldas Colección general 28/03/2026 6008   725.54 M 8154 6008 28/03/2026 1 28/03/2026 Libros